कहीं किसी जगह (Record no. 2911)

MARC details
000 -LEADER
fixed length control field 01032 a2200241 4500
005 - DATE AND TIME OF LATEST TRANSACTION
control field 20080910154932.0
008 - FIXED-LENGTH DATA ELEMENTS--GENERAL INFORMATION
fixed length control field 080910t xxu||||| |||| 00| 0 hin d
010 ## - LIBRARY OF CONGRESS CONTROL NUMBER
LC control number HIN-79521
020 ## - INTERNATIONAL STANDARD BOOK NUMBER
International Standard Book Number 8181661265
Terms of availability 150.00
035 ## - SYSTEM CONTROL NUMBER
System control number HN-51867
037 ## - SOURCE OF ACQUISITION
Source of stock number/acquisition D.B.Act / pub
082 ## - DEWEY DECIMAL CLASSIFICATION NUMBER
Classification number 821
100 ## - MAIN ENTRY--PERSONAL NAME
Personal name तेलंग, राग
245 ## - TITLE STATEMENT
Title कहीं किसी जगह
Statement of responsibility, etc राग तेलंग
246 ## - VARYING FORM OF TITLE
Title proper/short title Kahin kisi jagah
Remainder of title by Raag Telang
260 ## - PUBLICATION, DISTRIBUTION, ETC. (IMPRINT)
Place of publication, distribution, etc दिल्ली
Name of publisher, distributor, etc मेधा बुक्स
Date of publication, distribution, etc 2006
270 ## - ADDRESS
Address एक्स-11,नवीन शाहदरा
City दिल्ली
Postal code 110032
Telephone number 22323672
Electronic mail address medhabooks@rediffmail.com
300 ## - PHYSICAL DESCRIPTION
Extent 139पृ
Dimensions 22 सेमी (सजिल्द)
650 ## - SUBJECT ADDED ENTRY--TOPICAL TERM
Topical term or geographic name as entry element हिन्दी कविताएँ
650 ## - SUBJECT ADDED ENTRY--TOPICAL TERM
Topical term or geographic name as entry element Hindi poems
942 ## - ADDED ENTRY ELEMENTS (KOHA)
Institution code [OBSOLETE] dpl
Koha item type Hindi Books
Call number prefix 821 / तेलंग
Source of classification or shelving scheme Dewey Decimal Classification
Classification part 821
Call number suffix तेलंग
Holdings
Withdrawn status Lost status Damaged status Not for loan Home library Current library Date acquired Cost, normal purchase price Total Checkouts Full call number Barcode Date last seen Copy number Uniform Resource Identifier Cost, replacement price Price effective from Koha item type
        D.B.Act.Division D.B.Act.Division 10/09/2008 150.00   821 तेलंग HN-51867 15/09/2008 1 3103 150.00 15/09/2008 Hindi Books

© Delhi Public Library
Hit Counter
free hit counter